000 00822nab a2200241 u 4500
001 16658
003 HDC
007 cr bn ---aaaaa
008 210221c20120910xx dr|noo 0 a eng d
040 _aHDC
100 _aEvans, Abdalhamid
_eauthor
_916382
245 0 _aIt's might be 'Halal', but is it humane? / by
_cAbdalhamid Evans
260 _a[No place] :
_b[publisher not identified],
_c2012
336 _atext
_2rdacontent
337 _acomputer
_2rdamedia
338 _aonline resource
_2rdacarrier
650 _aHalal and Humane
_916383
650 _aHalal movement
_910905
856 _zRequest full-text at [email protected]
942 _2lcc
942 _cNEWS
942 _kNWSO 005736
999 _c13974
_d13974